España (Record no. 42019)
[ view plain ]
| 000 -LEADER | |
|---|---|
| campo de control de longitud fija | 00684nam a2200193 i 4500 |
| 001 - NÚMERO DE CONTROL | |
| campo de control | 42019 |
| 003 - IDENTIFICADOR DE NÚMERO DE CONTROL | |
| campo de control | ES-MaACL |
| 005 - FECHA Y HORA DE LA ÚLTIMA TRANSACCIÓN | |
| campo de control | 20251116063053.0 |
| 007 - CAMPO FIJO DE DESCRIPCIÓN FÍSICA--INFORMACIÓN GENERAL | |
| campo de control de longitud fija | t| |
| 008 - DATOS DE LONGITUD FIJA--INFORMACIÓN GENERAL | |
| campo de control de longitud fija | 030312s1969 sp ||||1| spa d |
| 100 1# - ENTRADA PRINCIPAL--NOMBRE DE PERSONA | |
| Nombre de persona | Casas Torres, José Manuel, |
| Fechas asociadas al nombre | 1916-2010 |
| 9 (RLIN) | 36236 |
| 245 10 - MENCIÓN DEL TÍTULO | |
| Título | España |
| Resto del título | : atlas e índices de sus términos municipales / |
| Mención de responsabilidad, etc. | [José Manuel Casas Torres]. |
| 260 ## - PUBLICACIÓN, DISTRIBUCIÓN, ETC. | |
| Lugar de publicación, distribución, etc. | Madrid : |
| Nombre del editor, distribuidor, etc. | Confederación Española de Cajas de Ahorros, |
| Fecha de publicación, distribución, etc. | 1969. |
| 300 ## - DESCRIPCIÓN FÍSICA | |
| Extensión | 2 v. ; |
| Dimensiones | 37 cm. |
| 500 ## - NOTA GENERAL | |
| Nota general | El 2º volumen corresponde a los mapas. |
| 710 2# - ENTRADA AGREGADA--NOMBRE DE ENTIDAD CORPORATIVA | |
| Nombre de entidad corporativa o nombre de jurisdicción como elemento de entrada | Confederación Española de Cajas de Ahorros. |
| 9 (RLIN) | 3148 |
| 852 ## - LOCALIZACIÓN | |
| Ubicación | ES-MaACL |
| Número de control de estantería | C-40889-90 |
| Sublocalización o colección | R.69920 |
| Estatus retirado | Estado de pérdida | Estado de daño | No para préstamo | Biblioteca de origen | Biblioteca actual | Ubicación en estantería | Fecha de adquisición | Fuente de adquisición | Total de préstamos | Signatura topográfica completa | Código de barras | Visto por última vez | Precio de reemplazo | Tipo de ítem Koha |
|---|---|---|---|---|---|---|---|---|---|---|---|---|---|---|
| Biblioteca del Ateneo de Madrid | Biblioteca del Ateneo de Madrid | Depósito 2 | 17/01/2008 | C-40889-90 | 1044230 | 23/02/2023 | 23/02/2023 | Libro impreso |
